Statistiques concernant Tobe Hooper filmographie

Cliquez ici pour prendre le quiz!

Statistiques générales

  • Ce quiz a été pris 4 fois
  • Le résultat moyen est 7 sur 14

Statistiques - réponses

AnnéeFilm% Correct
1974Massacre à la tronçonneuse
100%
1977Le Crocodile de la mort
67%
1985Lifeforce
67%
1986Massacre à la tronçonneuse 2
67%
1982Poltergeist
67%
2000Crocodile
33%
2013Djinn
33%
1986L'invasion vient de Mars
33%
1981Massacres dans le train fantôme
33%
2005Mortuary
33%
1993Nuit de la terreur
33%
1990Spontaneous Combustion
33%
1995The Mangler
33%
2004Toolbox Murders
33%

Distribution des résultats

Percentile par nombre de réponses

% des personnes avec chaque résultat

Votre développement - résultats

Vous n’avez pas pris ce quiz